Vladimir Il´jič Lenin vožd´ - tovarišč - čelovek /

Uložené v:
Podrobná bibliografia
Hlavný autor: Karpinskij, Vjačeslav Aleksejevič 1880-1965 (Author)
Médium: Kniha
Jazyk:Russian
Vydané: Moskva : Gospolitizdat, 1960.
Vydanie:1. izd.
ISBN: (brož.)
Fyzický popis: 62 s.
Tagy: Pridať tag
Žiadne tagy, Buďte prvý kto otaguje tento záznam!

MARC

LEADER 00000nam a22000001 4500
001 000171834
005 20091216173619.0
008 000429s1960 ru rus d
020 |a (brož.) 
040 |a SVKKK  |b slo  |c SVKKK  |e AACR2 
041 0 |a rus 
044 |a ru  |c RU 
100 1 |a Karpinskij, Vjačeslav Aleksejevič  |d 1880-1965  |4 aut 
245 1 0 |a Vladimir Il´jič Lenin vožd´ - tovarišč - čelovek /  |c Vjačeslav Aleksejevič Karpinskij. 
250 |a 1. izd. 
260 |a Moskva :  |b Gospolitizdat,  |c 1960. 
300 |a 62 s. 
910 |a svkkk 
998 |a BK 
090 |g SCKHL  |k Sklad Pribinova 2. posch.  |a II.94763  |j 266777  |i 171834-10  |s Prezenčne